000 00587nam a2200169Ia 4500
008 090711s9999 xx 000 0 und d
082 _b50668
100 _aअदवंत म. ना.
245 _aमराठीतील काही कथाकार
260 _bअनमोल प्रकाशन
_c1970
300 _a152
600 _aअदवंत म. ना.
630 _aमराठीतील काही कथाकार
700 _aअदवंत म. ना.
730 _aमराठीतील काही कथाकार
942 _cBOOK
999 _c329446
_d329446